| 000 | 00804nam a22002177a 4500 | ||
|---|---|---|---|
| 999 |
_c17194 _d17194 |
||
| 003 | AR-CdUCM | ||
| 008 | 190507b ||||| |||| 00| 0 spa d | ||
| 040 |
_aMUNICIPALIDAD PROVINCIAL DEL CUSCO _cBIBLIOTECA MUNICIPAL DEL CUSCO |
||
| 082 |
_a355.0213 / _bS79 |
||
| 100 |
_aSternberg, Fritz _937061 |
||
| 245 | _aLa revolución militar e industrial de nuestro tiempo / | ||
| 260 |
_aMéxico : _bFondo de cultura económica, _c1961. |
||
| 300 |
_a371 páginas ; _c22 cm. |
||
| 505 | _aContenido : La revolución militar -- Los Estados Unidos y la Unión Soviética -- La revolución militar y la paz ... | ||
| 650 |
_aRevolución _9844 |
||
| 650 |
_aMilitar _91881 |
||
| 650 |
_aIndustrial _911684 |
||
| 700 |
_aGonzález Aramburo, Francisco _98296 |
||
| 942 |
_2ddc _cLIBROS |
||
| 945 |
_arah _d07/05/2019 |
||